La vida Nacional (Record no. 30097)

MARC details
000 -LEADER
campo de control de longitud fija 00407nam a2200133 i 4500
001 - NÚMERO DE CONTROL
campo de control 30097
003 - IDENTIFICADOR DE NÚMERO DE CONTROL
campo de control ES-MaACL
007 - CAMPO FIJO DE DESCRIPCIÓN FÍSICA--INFORMACIÓN GENERAL
campo de control de longitud fija t|
008 - DATOS DE LONGITUD FIJA--INFORMACIÓN GENERAL
campo de control de longitud fija 030123s1899 cl ||||1| spa d
100 1# - ENTRADA PRINCIPAL--NOMBRE DE PERSONA
Nombre de persona Barra, Eduardo de la.
9 (RLIN) 25804
245 13 - MENCIÓN DEL TÍTULO
Título La vida Nacional
Resto del título : el embrujamiento alemán (polémica pedagógica) /
Mención de responsabilidad, etc. Eduardo de la Barra.
260 ## - PUBLICACIÓN, DISTRIBUCIÓN, ETC.
Lugar de publicación, distribución, etc. Santiago de Chile :
Nombre del editor, distribuidor, etc. [s.n.,
Fecha de publicación, distribución, etc. 1899]
852 ## - LOCALIZACIÓN
Ubicación ES-MaACL
Número de control de estantería T-915-F-6
Holdings
Estatus retirado Estado de pérdida Estado de daño No para préstamo Colección Biblioteca de origen Biblioteca actual Ubicación en estantería Fecha de adquisición Fuente de adquisición Total de préstamos Signatura topográfica completa Código de barras Visto por última vez Precio de reemplazo Tipo de ítem Koha
        Colección de folletos Biblioteca del Ateneo de Madrid Biblioteca del Ateneo de Madrid Depósito folletos 17/01/2008     T-915-F-6 1031072 23/02/2023 23/02/2023 Folleto